Instituciones de derecho público /
Guardado en:
| Autor Principal: | |
|---|---|
| Otros Autores: | , , , |
| Formato: | Libro |
| Publicado: |
Buenos Aires :
Macchi,
1997
|
| Edición: | 2a. ed. actualizada |
| Materias: | |
| Etiquetas: |
Agregar Etiqueta
Sin Etiquetas, Sea el primero en etiquetar este registro!
|
| LEADER | 00979nam a22003375a 4500 | ||
|---|---|---|---|
| 001 | CEM.cems013911 | ||
| 008 | 130507s1997##################000#0#####d | ||
| 005 | 20210705090436.0 | ||
| 003 | CEMS | ||
| 245 | 1 | 0 | |a Instituciones de derecho público / |c Raúl Madueño y Otros |
| 250 | |a 2a. ed. actualizada | ||
| 260 | |a Buenos Aires : |b Macchi, |c 1997 | ||
| 300 | |a 404 p. | ||
| 590 | |a 1052.013 | ||
| 020 | |a 9505374518 | ||
| 100 | 1 | |a Madueño, Raúl | |
| 700 | 1 | |a Capato, Alejandro Félix | |
| 700 | 1 | |a Ruiz, Daniel Osvaldo | |
| 700 | 1 | |a Félix Vicente Lonigro | |
| 700 | 1 | |a Manuel Rufino Trueba | |
| 653 | |a Derecho | ||
| 653 | |a Derecho público | ||
| 653 | |a Historia constitucional | ||
| 653 | |a Estado formas de | ||
| 653 | |a Garantias constitucionales | ||
| 653 | |a Poder legislativo | ||
| 653 | |a Poder ejecutivo | ||
| 653 | |a Poder judicial | ||
| 653 | |a Tratados internacionales | ||
| 653 | |a Biblioteca TC | ||
| 859 | |a CEMS |b BIB. CEMS - 11 de abril |h TC |p 1052.013 |t Ej.1 | ||
